[Event "Israel"]
[Site "Israel"]
[Date "1988.??.??"]
[Round "?"]
[White "Shvidler, Eliahu"]
[Black "Soffer, Ram"]
[Result "1/2-1/2"]
[WhiteElo "2440"]
[BlackElo "2380"]

1.c4 c6 2.d4 d5 3.Nc3 Nf6 4.Nf3 dxc4 5.a4 Bf5 6.Ne5 e6 7.g3 Bb4 8.Bg2 Ne4
9.O-O Nxc3 10.bxc3 Bxc3 11.Ba3 Qxd4 12.Nxc4 Qxc4 13.Qd6 Bf6 14.Rfd1 e5 15.Qc7 Nd7
16.Qxb7 Rb8 17.Qxa7 Rc8 18.Qb7 Nb8 19.Rab1 Qa6 20.Qxa6 Nxa6 21.Rb6 e4 22.Rxa6 Be7
23.Bd6 Bxd6 24.Rxd6 c5 25.Rd5 Be6 26.Rd2 e3 27.fxe3 c4 28.Rc6 Ke7 29.Kf2 Rxc6
30.Bxc6 Rc8 31.Bb5 c3 32.Rc2 Bb3 33.Rc1 c2 34.a5 Rc5 35.Bd3 Rxa5 36.Ke1 Rc5
37.Kd2 Rc6 38.Bxc2 Bxc2 39.Rxc2 Rh6 40.Rc7+ Ke8  1/2-1/2

[Event "JUG-ch"]
[Site "?"]
[Date "1988.??.??"]
[Round "?"]
[White "Djuric, Stefan"]
[Black "Drasko, Milan"]
[Result "1/2-1/2"]
[WhiteElo "2475"]
[BlackElo "2465"]

1.c4 c6 2.e4 d5 3.exd5 cxd5 4.d4 Nf6 5.Nc3 e6 6.Nf3 Be7 7.cxd5 Nxd5 8.Bd3 Nc6
9.O-O O-O 10.Re1 Bf6 11.Be4 Nce7 12.Qd3 h6 13.a3 Bd7  1/2-1/2

[Event "Kobanya op"]
[Site "Kobanya"]
[Date "1988.??.??"]
[Round "?"]
[White "Klauser, Markus"]
[Black "Wittwer, Moritz"]
[Result "0-1"]
[WhiteElo "2345"]
[BlackElo "2265"]

1.c4 c6 2.Nf3 Nf6 3.d4 d5 4.Qb3 Qb6 5.Nc3 Bf5 6.g3 e6 7.Bg2 Na6 8.O-O Qxb3
9.axb3 Bc2 10.Nd2 Bb4 11.Ra4 O-O 12.c5 Rad8 13.f4 Ng4 14.Rf3 Be4 15.Na2 Bxd2
16.Bxd2 Bxf3 17.exf3 Nf6 18.Bf1 Nc7 19.Rxa7 Ra8 20.Rxb7 Rxa2 21.Rxc7 Rxb2
22.Ba5 Rxb3 23.Rxc6 g6 24.Ra6 Rc8 25.Kf2 Ne8 26.h4 Rbb8 27.Bb6 Nc7 28.Ra7 Na8
29.Ba5 Rb2+ 30.Ke3 Rcb8 31.g4 R2b7 32.Ra6 Nc7 33.Rc6 Rb3+ 34.Bd3 Nb5 35.Ra6 Na3
36.Bc7 Rc8 37.Bd6 Nc2+ 38.Kd2 Rxd3+ 39.Kxc2 Rxd4 40.Kb3 Rc4  0-1

[Event "Liechtenstein op"]
[Site "Liechtenstein"]
[Date "1988.??.??"]
[Round "?"]
[White "Plaskett, Jim"]
[Black "Gikas, Basilius"]
[Result "1-0"]
[WhiteElo "2465"]
[BlackElo "2290"]

1.c4 c6 2.e4 d5 3.exd5 cxd5 4.d4 Nf6 5.Nc3 g6 6.cxd5 Bg7 7.Bc4 O-O 8.Nge2 Nbd7
9.Bb3 Nb6 10.Nf4 Bg4 11.f3 Bf5 12.O-O g5 13.Nfe2 h6 14.Ng3 Bg6 15.f4 gxf4
16.Bxf4 Nbxd5 17.Qe2 Nxf4 18.Rxf4 e6 19.Raf1 Nd5 20.Bxd5 exd5 21.Nh5 Qg5
22.Nxg7 Kxg7 23.h4 Qh5 24.Qe7 Rae8  1-0

[Event "Haringey"]
[Site "London"]
[Date "1988.??.??"]
[Round "?"]
[White "Murrey, Jacob"]
[Black "Iclicki, Willy"]
[Result "1-0"]
[WhiteElo "2545"]
[BlackElo "2305"]

1.c4 c6 2.Nf3 d5 3.e3 Nf6 4.Nc3 e6 5.a3 Nbd7 6.b4 Bd6 7.Bb2 b6 8.d4 O-O 9.Bd3 Bb7
10.O-O Rc8 11.Qe2 c5 12.cxd5 Nxd5 13.Nxd5 Bxd5 14.Ba6 Rc7 15.e4 Bb7 16.dxc5 bxc5
17.Rfd1 Be7 18.Be5 Qc8 19.Bxc7 Bxa6 20.b5 Bb7 21.Bd6 Bxd6 22.Rxd6 Nf6 23.e5 Nd5
24.Rc1 Qc7 25.Qa2  1-0

[Event "POL-ch"]
[Site "Lublin"]
[Date "1988.??.??"]
[Round "14"]
[White "Czerwonski, Aleksander"]
[Black "Tomaszewski, Roman"]
[Result "1-0"]
[WhiteElo "2335"]
[BlackElo "2370"]

1.c4 c6 2.d4 d5 3.Nc3 Nf6 4.Nf3 dxc4 5.a4 a5 6.e4 Bg4 7.Bxc4 e6 8.O-O Bb4
9.e5 Nd5 10.Nxd5 cxd5 11.Bb5+ Nc6 12.Qd3 Qb6 13.Be3 Bxf3 14.gxf3 O-O 15.Rfc1 Na7
16.Rc2 Rfc8 17.Rac1 h6 18.f4 Rxc2 19.Rxc2 Rf8 20.f5 Nxb5 21.Qxb5 Qxb5 22.axb5 exf5
23.Rc7 Rb8 24.Kf1 g5 25.f4 g4 26.Ke2 Kf8 27.Kd3 Be7 28.Rd7 Ke8 29.Rxd5 b6
30.e6 fxe6 31.Re5 Kf7 32.d5 Rd8 33.Kc4 exd5+ 34.Rxd5 Rc8+ 35.Kd3 Rd8 36.Kc4 Rc8+
37.Kd3 Ke6 38.Re5+ Kf6 39.Bxb6 Bd6 40.Bd4 Rc7 41.b6 Rb7 42.Rxa5+ Kg6 43.Ra7 Rb8
44.Rg7+ Kh5 45.Rf7 Bxf4 46.Rxf5+ Bg5 47.Rb5 Rb7 48.Be5 Kh4 49.Bc7 Bd8  1-0

[Event "Lvov"]
[Site "Lvov"]
[Date "1988.??.??"]
[Round "?"]
[White "Dorfman, Josif D"]
[Black "Sapis, Witalis"]
[Result "1-0"]
[WhiteElo "2520"]
[BlackElo "2445"]

1.c4 c6 2.d4 d5 3.cxd5 cxd5 4.Nc3 Nf6 5.Bf4 Nc6 6.e3 e6 7.Rc1 Bd6 8.Bg3 O-O
9.Bb5 a6 10.Bxc6 bxc6 11.Nge2 a5 12.O-O Ba6 13.Na4 Bxg3 14.hxg3 Ng4 15.Re1 Qg5
16.Nf4 Bb5 17.Nb6 Ra6 18.Nd7 Rd8 19.Nc5 Raa8 20.a4 Bc4 21.b3 Ba6 22.Nh3 Qh5
23.Qd2 Bc8 24.f3 Nf6 25.Nd3 Bb7 26.Rc5 g5 27.Rxa5 g4 28.Rxa8 Rxa8 29.Nhf4 Qg5
30.Kf2 Bc8 31.Rh1 Bd7 32.Qb4 Be8 33.Qb7  1-0

[Event "Madrid rapid"]
[Site "Madrid"]
[Date "1988.??.??"]
[Round "1"]
[White "Kasparov, Gary"]
[Black "Nogueiras, Jesus"]
[Result "1/2-1/2"]
[WhiteElo "2750"]
[BlackElo "2560"]

1.c4 c6 2.e4 d5 3.cxd5 cxd5 4.exd5 Nf6 5.Bb5+ Nbd7 6.Nc3 g6 7.d4 Bg7 8.d6 e6
9.Nf3 O-O 10.Bf4 a6 11.Be2 b5 12.Ne5 Bb7 13.Bf3 Bxf3 14.Qxf3 b4 15.Ne4 Nxe4
16.Qxe4 Nf6 17.Qc6 Nd5 18.Bg3 Qa5 19.d7 b3+ 20.Ke2 bxa2 21.Rhc1 Rfd8 22.Qxa8 Rxa8
23.Rc8+ Qd8 24.Rxd8+ Rxd8 25.Rxa2 Bxe5 26.Bxe5 Rxd7 27.Rxa6 f6 28.Bd6 Rb7
29.Ba3 Kf7 30.g3 g5 31.h4 gxh4 32.gxh4 h5 33.Rc6 Kg6 34.f3 Rb3 35.Rc2 Kf5
36.Bd6 Nf4+ 37.Bxf4 Kxf4 38.Rc6 Rxb2+ 39.Kd3 Kf5 40.Rc5+  1/2-1/2

[Event "Malmo"]
[Site "Malmo"]
[Date "1988.??.??"]
[Round "?"]
[White "Forintos, Gyozo V"]
[Black "Hector, Jonny"]
[Result "0-1"]
[WhiteElo "2385"]
[BlackElo "2435"]

1.c4 c6 2.g3 d5 3.Nf3 Nf6 4.Bg2 Bg4 5.b3 Nbd7 6.Bb2 e6 7.d3 Bd6 8.h3 Bxf3
9.Bxf3 Qe7 10.Nd2 O-O 11.O-O a5 12.Qc2 Rfc8 13.Rfc1 a4 14.bxa4 Ra6 15.cxd5 exd5
16.Nb3 Rxa4 17.Nd4 Rca8 18.Nf5 Qe6 19.Nxd6 Qxd6 20.Qb3 Nc5 21.Qc2 Nfd7 22.a3 Ne6
23.e3 d4 24.e4 R4a5 25.Rcb1 h6 26.Bg2 Ndc5 27.Bc1 Qe7 28.Bd2 Rxa3 29.Rxa3 Rxa3
30.Bb4 Ra8 31.f4 b6 32.Rc1 Qc7 33.e5 Ra4 34.Rb1 g6 35.Kh2 Ra6 36.Rb2 Qc8
37.Rb1 Qa8 38.Rb2 Qe8 39.Rb1 Qc8 40.Rb2 Qa8 41.h4 h5 42.Kh3 Qb8 43.Kh2 Qc7
44.Rb1 Ra8 45.Rb2 Rc8 46.Ra2 Qd8 47.Qb1 b5 48.Bh3 Ra8 49.Rxa8 Qxa8 50.Bg2 Qa6
51.Qc2 Qb6 52.Bf3 Na6 53.Be7 b4 54.f5 gxf5 55.Qd2 Ng7 56.Bxh5 Nc7 57.Bf3 b3
58.Qb2 Qb5 59.Bd1 Qxe5 60.Bg5 Nce6 61.Qxb3 f4 62.gxf4 Nxf4 63.Bxf4 Qxf4+
64.Kg1 Qg3+ 65.Kf1 Nf5 66.Bh5 Ne3+ 67.Ke2 Qh2+ 68.Kf3 Nd5 69.Qc4 Qf4+  0-1

[Event "Muenster ELO"]
[Site "Muenster"]
[Date "1988.??.??"]
[Round "1"]
[White "Stoeckmann, Helmut"]
[Black "Hoellmann, Ludger"]
[Result "0-1"]
[WhiteElo "2265"]
[BlackElo "2255"]

1.c4 c6 2.d4 Nf6 3.Nc3 d5 4.Nf3 dxc4 5.a4 Bf5 6.e3 e6 7.Bxc4 Nbd7 8.O-O Bd6
9.Be2 Ne4 10.Nxe4 Bxe4 11.Bd3 Bxd3 12.Qxd3 O-O 13.e4 Nc5 14.Qc2 Na6 15.Bd2 c5
16.e5 Be7 17.dxc5 Nxc5 18.b4 Qd3 19.Qb2 Qb3 20.Qd4 Rfd8 21.Qg4 Nd3 22.Bh6 Bf8
23.b5 Rd5 24.Be3 Rc8 25.Rfb1 Qc2 26.Bxa7 Rc4 27.Qh5 Nf4 28.Nd2 Nxh5  0-1

[Event "New York op"]
[Site "New York"]
[Date "1988.??.??"]
[Round "?"]
[White "Frias, Victor J"]
[Black "Drasko, Milan"]
[Result "1/2-1/2"]
[WhiteElo "2485"]
[BlackElo "2465"]

1.c4 c6 2.d4 d5 3.Nc3 Nf6 4.Nf3 dxc4 5.a4 Bf5 6.e3 e6 7.Bxc4 Bb4 8.O-O Nbd7
9.Qe2 Bg6 10.Rd1 O-O 11.Bd2 a5 12.Be1 Qe7 13.Nh4 Bh5 14.f3 Nb6 15.Bb3 Nfd7
16.g4 Bg6 17.Kg2 Rac8 18.Bg3 Rfd8 19.Nxg6 hxg6 20.Ne4 f5 21.Nf2 c5 22.Rac1 cxd4
23.exd4 Nd5 24.Nd3 Rxc1 25.Rxc1 Nf8 26.Bxd5 Rxd5 27.Rc7 Rd7 28.Qe5 Qd8 29.Nxb4 axb4
30.Rc4 fxg4 31.fxg4 b3 32.Qe4 Qg5 33.Qe2 Qd5+ 34.Kh3 g5 35.Rc8 g6 36.Be5 Rf7
37.Kg3 Qh1 38.Rc7 Qg1+ 39.Kh3 Rxc7 40.Bxc7 Qxd4 41.Be5 Qd5 42.Bc3 Nd7 43.Qf2 e5
44.Qe3 Kf7 45.Qxg5 Qf3+ 46.Kh4 Qf2+ 47.Kh3 Qf3+ 48.Kh4 Qf2+ 49.Kh3 Qf3+ 50.Kh4  1/2-1/2

[Event "Rubinstein mem"]
[Site "Polanica Zdroj"]
[Date "1988.??.??"]
[Round "13"]
[White "Staniszewski, Piotr"]
[Black "Drasko, Milan"]
[Result "0-1"]
[WhiteElo "2425"]
[BlackElo "2510"]

1.c4 c6 2.d4 d5 3.Nf3 Nf6 4.Nc3 dxc4 5.a4 Bf5 6.e3 e6 7.Bxc4 Bb4 8.O-O Nbd7
9.Qe2 Bg6 10.Ne5 Nxe5 11.dxe5 Nd7 12.Rd1 Qh4 13.Rd4 Qe7 14.f4 O-O 15.Ne4 Bxe4
16.Rxe4 Rfd8 17.a5 b5 18.axb6 axb6 19.Rb1 b5 20.Bb3 Nb6 21.Rd4 Rd7 22.Rxd7 Qxd7
23.e4 Bc5+ 24.Be3 Na4 25.Bxc5 Nxc5 26.Rd1 Qc7 27.Bc2 Rd8 28.Qe3 Rxd1+ 29.Bxd1 Nd7
30.Kf2 c5 31.Be2 c4 32.Qd4 Kf8 33.Ke3 Ke7 34.g4 g5 35.fxg5 Nxe5 36.h3 Nd7
37.Kf3 Qh2 38.Bf1 Ne5+  0-1

[Event "Porz"]
[Site "Porz"]
[Date "1988.??.??"]
[Round "?"]
[White "Schulz, Klaus Juergen"]
[Black "Lutz, Christopher"]
[Result "1/2-1/2"]
[WhiteElo "2360"]
[BlackElo "2380"]

1.c4 c6 2.e4 d5 3.exd5 Nf6 4.d4 cxd5 5.Nc3 g6 6.cxd5 Nxd5 7.Qb3 Nb6 8.d5 Bg7
9.Be3 O-O 10.Rd1 Bg4 11.Be2 Bxe2 12.Ngxe2 N8d7 13.O-O Qc7 14.Qb4 Nf6 15.d6 exd6
16.Bxb6 axb6 17.Qxd6 Qc6 18.Rd2 Rfe8 19.Rfd1 Ne4 20.Qxc6  1/2-1/2

[Event "ROM-ch"]
[Site "Predeal"]
[Date "1988.??.??"]
[Round "15"]
[White "Negulescu, Adrian"]
[Black "Ionescu, Constantin"]
[Result "1/2-1/2"]
[WhiteElo "2430"]
[BlackElo "2465"]

1.c4 c6 2.d4 d5 3.cxd5 cxd5 4.Nc3 Nf6 5.Bf4 Nc6 6.e3 Bf5 7.Nf3 e6 8.Bd3 Bxd3
9.Qxd3 Bd6 10.Bxd6 Qxd6 11.O-O O-O 12.Rfc1 Rfc8  1/2-1/2

[Event "Saint John op-1"]
[Site "Saint John"]
[Date "1988.??.??"]
[Round "?"]
[White "Lindsay, Fred"]
[Black "Kuczynski, Robert"]
[Result "0-1"]
[WhiteElo "2250"]
[BlackElo "2485"]

1.c4 c6 2.Nc3 d5 3.e3 e6 4.d4 f5 5.g4 Nf6 6.gxf5 exf5 7.cxd5 Nxd5 8.Bc4 Be6
9.Qf3 Bb4 10.Bd2 Qa5 11.Nge2 Nxc3 12.Bxe6 Ne4 13.Nc3 Nxc3 14.bxc3 Bxc3 15.Bxc3 Qxc3+
16.Ke2 Qb2+ 17.Kd3 Na6 18.Rhc1 Nb4+ 19.Kc4 b5+ 20.Kc5 Qa3 21.Bd7+ Ke7 22.Qxf5 Nd3+
23.Kxc6 Qd6+ 24.Kxb5 Rhb8+ 25.Kc4 Nxc1  0-1

[Event "Saint John op-2"]
[Site "Saint John"]
[Date "1988.??.??"]
[Round "?"]
[White "Adorjan, Andras"]
[Black "Velikov, Petar"]
[Result "1/2-1/2"]
[WhiteElo "2540"]
[BlackElo "2475"]

1.c4 c6 2.d4 d5 3.cxd5 cxd5 4.Nc3 Nf6 5.Nf3 Nc6 6.Bf4 Bf5 7.e3 e6 8.Bd3 Bxd3
9.Qxd3 Bd6 10.Bxd6 Qxd6 11.O-O O-O 12.Rac1 Rfc8  1/2-1/2

[Event "Salamanca"]
[Site "Salamanca"]
[Date "1988.??.??"]
[Round "5"]
[White "Sunye Neto, Jaime"]
[Black "Andruet, Gilles"]
[Result "1-0"]
[WhiteElo "2490"]
[BlackElo "2430"]

1.c4 c6 2.b3 d5 3.Bb2 Nf6 4.g3 Bf5 5.Nf3 e6 6.Bg2 Be7 7.d3 h6 8.Nbd2 O-O
9.O-O Bh7 10.Qb1 Ne8 11.b4 a5 12.a3 Nd6 13.Rc1 Na6 14.b5 Nc7 15.bxc6 bxc6
16.Ne5 Ra6 17.cxd5 cxd5 18.Nc6 Qd7 19.Nxe7+ Qxe7 20.a4 Rb6 21.Bf6 Rxb1 22.Bxe7  1-0

[Event "Sarajevo"]
[Site "Sarajevo"]
[Date "1988.??.??"]
[Round "?"]
[White "Romanishin, Oleg M"]
[Black "Klinger, Josef"]
[Result "1-0"]
[WhiteElo "2570"]
[BlackElo "2505"]

1.c4 c6 2.d4 d5 3.Nf3 e6 4.Qc2 f5 5.Bf4 Nf6 6.e3 Bd6 7.Bd3 O-O 8.O-O b6 9.Nbd2 Bxf4
10.exf4 Qd6 11.g3 Ne4 12.Ne5 Bb7 13.Nb3 Nd7 14.f3 Nef6 15.c5 Qc7 16.Rfe1 Rfe8
17.Rac1 Nxe5 18.Rxe5 Nd7 19.Re2 b5 20.Rce1 Kf7 21.Re3 g6 22.Qe2 Nf8 23.Re5 a5
24.g4 Qd7 25.Nd2 b4 26.Nf1 h5 27.Ng3 h4 28.Nh1 Qc8 29.Qe3 Ba6 30.Bb1 Qd8
31.Nf2 Qd7 32.Nh3 Nh7 33.Qf2 Qd8 34.R1e3 Qf6 35.Qe1 Re7 36.gxf5 gxf5 37.Bxf5 Rg8+
38.Kh1 Qg7 39.Bg4 Qg6 40.Rxe6 Rxe6  1-0

[Event "Silkeborg"]
[Site "Silkeborg"]
[Date "1988.??.??"]
[Round "2"]
[White "Csom, Istvan"]
[Black "Rasmussen, Karsten"]
[Result "1-0"]
[WhiteElo "2495"]
[BlackElo "2480"]

1.c4 c6 2.Nf3 d5 3.e3 Nf6 4.d4 Bf5 5.Nbd2 h6 6.Be2 e6 7.O-O Nbd7 8.b3 Be7
9.Bb2 O-O 10.a3 a5 11.Bc3 c5 12.cxd5 Nxd5 13.Bb2 N7f6 14.Rc1 Rc8 15.h3 Bh7
16.Bc4 cxd4 17.Nxd4 Nb6 18.Nxe6 fxe6 19.Bxe6+ Kh8 20.Bxc8 Nxc8 21.Nc4 Nd6
22.Ne5 Nd7 23.Ng4 Nf6 24.Ne5 Qe8 25.Qd2 Qb5 26.Rc7 Nfe4 27.Qd3 Qe8 28.Qd5 Bf6
29.f4 Bg8 30.Qd3 Kh7 31.Rfc1 Qe6 32.Rxb7 Qd5 33.Qxd5 Bxd5 34.Rb6 Rd8 35.Rd1 Nf5
36.Re1 Rc8 37.Rb5 Ne7 38.Bd4 Nd2 39.Ng4 Bh4 40.Rd1 Rc2 41.Rc5 Ra2 42.Rc7 Bxb3
43.Ra1 Rxa1+ 44.Bxa1 h5 45.g3 Bxg3 46.Rxe7 hxg4 47.hxg4 Bh4 48.Rxg7+ Kh6
49.Ra7 a4 50.Kg2 Nc4 51.Bg7+ Kg6 52.Bf8 Nxe3+ 53.Kf3 Nd5 54.f5+ Kf6 55.Bg7+ Kg5
56.Ra6 Be1 57.Rg6+ Kh4 58.Rh6+ Kg5 59.Rh5+  1-0

[Event "Silkeborg"]
[Site "Silkeborg"]
[Date "1988.??.??"]
[Round "5"]
[White "Mednis, Edmar John"]
[Black "Rasmussen, Karsten"]
[Result "1-0"]
[WhiteElo "2440"]
[BlackElo "2480"]

1.c4 c6 2.d4 d5 3.cxd5 cxd5 4.Nc3 Nf6 5.Bf4 Nc6 6.e3 e6 7.Bd3 Be7 8.Nf3 Bd7
9.O-O a6 10.Ne5 Rc8 11.Rc1 b5 12.a4 b4 13.Nxd7 Nxd7 14.Nb1 Ndb8 15.Qe2 a5
16.Nd2 O-O 17.Nb3 Bd6 18.Bxd6 Qxd6 19.Rc2 e5 20.dxe5 Qxe5 21.Re1 Qe6 22.Nc5 Qd6
23.Nb3 Qe6 24.Bb5 Rfd8 25.h3 g6 26.Nc5 Qe7 27.Na6 Qe6 28.Qg4 f5 29.Qf4 b3
30.Nc5 Qe7 31.Nxb3  1-0

[Event "Silkeborg"]
[Site "Silkeborg"]
[Date "1988.??.??"]
[Round "8"]
[White "Csom, Istvan"]
[Black "Jelling, Erik"]
[Result "1-0"]
[WhiteElo "2495"]
[BlackElo "2350"]

1.c4 c6 2.g3 d5 3.Qc2 Nf6 4.Bg2 Bg4 5.Nf3 e6 6.O-O Nbd7 7.d4 Bd6 8.Nbd2 Bf5
9.Qb3 Qb6 10.c5 Qxb3 11.Nxb3 Bc7 12.Bf4 O-O-O 13.Rac1 h6 14.Bxc7 Kxc7 15.Na5 Ne4
16.b4 f6 17.Rfd1 Ng5 18.Rd2 e5 19.b5 Ne6 20.dxe5 fxe5 21.Nh4 Be4 22.Bxe4 dxe4
23.Nxb7 Kxb7 24.bxc6+ Kxc6 25.Rd6+ Kb5 26.Rxe6 Rhe8 27.Rxe8 Rxe8 28.Nf5  1-0

[Event "URS-FL56"]
[Site "Simferopol"]
[Date "1988.??.??"]
[Round "?"]
[White "Kharitonov, Andrei Y"]
[Black "Savchenko, Stanislav"]
[Result "1/2-1/2"]
[WhiteElo "2550"]
[BlackElo "2480"]

1.c4 c6 2.Nf3 d5 3.d4 Nf6 4.Nc3 dxc4 5.a4 Bf5 6.e3 e6 7.Bxc4 Bb4 8.O-O Nbd7
9.Qe2 Bg6 10.Rd1 O-O 11.Bd3 Bxd3 12.Qxd3 Qe7 13.Ne4 Nxe4 14.Qxe4 a5 15.Bd2 Bxd2
16.Rxd2 Rfd8 17.Qc2 Nf6 18.Qb3 Nd5 19.Qa3 Qxa3 20.Rxa3  1/2-1/2

[Event "Rilton Cup"]
[Site "Stockholm"]
[Date "1988.??.??"]
[Round "?"]
[White "Hausner, Ivan"]
[Black "Sigfusson, Sigurdur"]
[Result "1/2-1/2"]
[WhiteElo "2435"]
[BlackElo "2280"]

1.c4 c6 2.d4 d5 3.Nc3 Nf6 4.Nf3 e6 5.g3 Nbd7 6.Bg2 dxc4 7.O-O Be7 8.e4 O-O
9.Qe2 b5 10.a4 b4 11.Nd1 Qa5 12.Ne3 Nxe4 13.Nxc4 Qa6 14.Qxe4 Qxc4 15.Nd2 Qa6
16.Qxc6 Rb8 17.Nc4 Qxc6 18.Bxc6 Ba6 19.Bb5 Bxb5 20.axb5 Bf6 21.Rxa7 Nb6 22.Ne5 Bxe5
23.dxe5 Nc4 24.b3 Nxe5 25.Bf4 Rxb5 26.Bxe5 Rxe5 27.Rb7 Rd5 28.Rc1 Rd4 29.Rc4 Rxc4
30.bxc4 Rc8 31.Rxb4 Kf8 32.Kf1 Ke7 33.Ke2 Kd6 34.Kd3 Kc6 35.Ra4 Rc7 36.Ra6+ Kc5
37.Kc3 Rd7 38.h4 g6 39.h5 gxh5 40.Ra5+ Kd6 41.Rxh5 f5 42.Kd4 e5+ 43.Kc3 Rf7
44.Rh6+ Kc5 45.Re6 e4 46.Re5+ Kc6 47.Kd2 Kd6 48.Rd5+ Ke6 49.Ke3 Rc7 50.Kf4 Rxc4
51.Re5+ Kf6 52.Rxf5+ Kg6 53.Re5 Rc2 54.Ke3 Kf6 55.Rxe4 Rc3+ 56.Kf4 Rc2 57.f3 Rc5
58.Ra4 Rf5+ 59.Ke3 Re5+ 60.Kf2 Rb5 61.Re4 Rb2+ 62.Ke3 Rb3+ 63.Kf4 Rb5 64.Kg4 Rf5
65.f4 Ra5 66.Rb4 Ra6 67.Rb5 Rc6 68.Rb7 Kg6 69.Rb3 Rf6 70.Kh4 h6 71.Rb4 Ra6
72.Kg4 Rf6 73.Kf3 h5 74.Rb8 Kg7 75.Ke4 Rg6 76.Rb3 Ra6 77.Kf3 Ra5 78.Rb6 Ra2
79.Re6 Kf7 80.f5 Ra3+ 81.Kf4 Ra4+ 82.Re4 Ra8 83.Re3 Rg8 84.Ra3 Kf6 85.Ra6+ Kf7
86.Rh6 Rg4+ 87.Kf3 Rg5 88.Kf4 Rg4+ 89.Ke5 Rxg3 90.Rh7+ Kg8 91.Rxh5 Kg7 92.Rh1 Re3+
93.Kf4 Re2  1/2-1/2

[Event "DDR-ch (Women)"]
[Site "Stralsund"]
[Date "1988.??.??"]
[Round "3"]
[White "Seidemann, Ulrike"]
[Black "Starck, Ines"]
[Result "0-1"]
[WhiteElo "2080"]
[BlackElo "2120"]

1.c4 c6 2.Nf3 d5 3.b3 Bf5 4.Bb2 e6 5.g3 Nf6 6.Bg2 Be7 7.O-O O-O 8.d3 Qb6
9.Nbd2 Nbd7 10.h3 h6 11.Rb1 Rfd8 12.a3 a5 13.Re1 Bc5 14.Rf1 Qc7 15.Nd4 Bh7
16.cxd5 cxd5 17.Rc1 Qb6 18.Nc2 e5 19.e4 dxe4 20.dxe4 Qe6 21.Qe2 Bb6 22.Ne3 Nc5
23.Rc4 Rd7 24.Rfc1 Rxd2 25.Qxd2 Nxb3 26.Qc2 Nxc1 27.Qxc1 Bxe3 28.fxe3 Rd8
29.Rc5 Bxe4 30.Rxe5 Qb3 31.Bf1 Rd1 32.Qc8+ Kh7 33.Bd4 Rxd4 34.exd4 Qxg3+  0-1

[Event "DDR-ch (Women)"]
[Site "Stralsund"]
[Date "1988.??.??"]
[Round "12"]
[White "Seils, Gundula"]
[Black "Starck, Ines"]
[Result "1/2-1/2"]
[WhiteElo "2020"]
[BlackElo "2120"]

1.c4 c6 2.Nc3 d5 3.cxd5 cxd5 4.d4 e6 5.Nf3 Nf6 6.Bg5 Be7 7.e3 O-O 8.Bd3 b6
9.O-O Ba6 10.Ne5 Bxd3  1/2-1/2

[Event "Thessaloniki ol (Men)"]
[Site "Thessaloniki"]
[Date "1988.??.??"]
[Round "8"]
[White "El Ghazali, Youssef M"]
[Black "Dienavorian, Manuel"]
[Result "1/2-1/2"]
[WhiteElo "2220"]
[BlackElo "2295"]

1.c4 c6 2.Nc3 d5 3.d4 Nf6 4.Nf3 g6 5.Bf4 Bg7 6.e3 O-O 7.Be2 Bg4 8.h3 Bxf3
9.Bxf3 e6 10.O-O Nbd7 11.Qe2 Re8 12.Rfd1 Qa5 13.Rab1 Qb4 14.cxd5 exd5 15.a3 Qe7
16.Qc2 a5 17.a4 Nf8 18.Rdc1 Ne6 19.Ne2 Nxf4 20.Nxf4 Bf8 21.Nd3 Qd8 22.Nc5 Qb6
23.Qc3 Bxc5 24.dxc5 Qd8 25.Rd1 Ne4 26.Bxe4 Rxe4 27.Rd4 Qe7 28.b4 axb4 29.Rdxb4 Ra7
30.Rxe4 Qxe4 31.Rb4 Qe7 32.h4 h5 33.g3 Ra8 34.Qb2 Ra7 35.Qc3 Ra8 36.Rf4 Re8
37.Rf6 Qe5 38.Qxe5 Rxe5 39.Rd6 Re4 40.Rd8+ Kg7 41.Ra8 Rc4 42.Ra7 Rxc5 43.Rxb7 Ra5
44.Rb6 Rxa4 45.Rxc6 d4 46.e4 d3 47.Rd6 Rxe4 48.Rxd3  1/2-1/2

[Event "Thessaloniki ol (Men)"]
[Site "Thessaloniki"]
[Date "1988.??.??"]
[Round "11"]
[White "Karpov, Anatoly"]
[Black "Van der Wiel, John TH"]
[Result "1/2-1/2"]
[WhiteElo "2725"]
[BlackElo "2540"]

1.c4 c6 2.e4 d5 3.exd5 cxd5 4.d4 Nf6 5.Nc3 e6 6.Nf3 Bb4 7.Bd3 dxc4 8.Bxc4 Qc7
9.Qe2 O-O 10.O-O Nbd7 11.Nb5 Qc6 12.Ne5 Qe4 13.a3 Be7 14.Bg5 Qxe2 15.Bxe2 h6
16.Bh4 g5 17.Bg3 Ne4 18.Rfd1 Nxg3 19.hxg3 Rd8 20.Ng4 Nf6 21.Nc7 Rb8 22.Nxh6+ Kg7
23.Ng4 Nxg4 24.Bxg4 e5 25.Bf3 exd4 26.Be4 Bf6 27.Rac1 Bg4 28.f3 Bh5  1/2-1/2

[Event "Tirnavia"]
[Site "Trnava"]
[Date "1988.??.??"]
[Round "?"]
[White "Ftacnik, Lubomir"]
[Black "Meduna, Eduard"]
[Result "1/2-1/2"]
[WhiteElo "2570"]
[BlackElo "2505"]

1.c4 c6 2.d4 d5 3.Nf3 Nf6 4.Nc3 dxc4 5.a4 Bf5 6.Ne5 e6 7.f3 Bb4 8.h4 h6 9.Nxc4 Qc7
10.Kf2 Nbd7 11.e4 Bg6 12.g3 e5 13.dxe5 Bc5+ 14.Kg2 Nxe5 15.Bf4 Nfd7 16.Qb3 f6
17.Nxe5 Nxe5 18.Bxe5 Qxe5 19.Rd1 Bd6 20.f4 Qe7 21.Bc4 O-O-O 22.Be6+ Kb8 23.h5 Bh7
24.Rhe1 Rhe8 25.Bf7 Rf8  1/2-1/2

[Event "Tirnavia"]
[Site "Trnava"]
[Date "1988.??.??"]
[Round "?"]
[White "Lechtynsky, Jiri"]
[Black "Meduna, Eduard"]
[Result "1/2-1/2"]
[WhiteElo "2470"]
[BlackElo "2505"]

1.c4 c6 2.d4 d5 3.Nf3 Nf6 4.Nc3 dxc4 5.a4 Bf5 6.Ne5 Nbd7 7.Nxc4 Qc7 8.g3 e5
9.dxe5 Nxe5 10.Bf4 Rd8 11.Qc1 Bd6 12.Nxd6+ Qxd6 13.Bg2 a5 14.O-O O-O 15.Nd1 Qe6
16.Qc3 Ng6 17.Bg5 Qe5 18.Bxf6 gxf6  1/2-1/2

[Event "Tirnavia-B"]
[Site "Trnava"]
[Date "1988.??.??"]
[Round "1"]
[White "Brestian, Egon"]
[Black "Zurek, Milan"]
[Result "1/2-1/2"]
[WhiteElo "2395"]
[BlackElo "2405"]

1.c4 c6 2.e4 d5 3.exd5 cxd5 4.cxd5 Nf6 5.Qa4+ Nbd7 6.Nc3 g6 7.Nf3 Bg7 8.Qh4 O-O
9.d4 Nb6 10.Be2 Nbxd5 11.O-O Bf5 12.Bh6 Rc8 13.Nxd5 Qxd5 14.b3 Qe4 15.Bxg7 Kxg7
16.Qxe4 Nxe4 17.Rfc1 Kf6 18.Kf1 Rfd8 19.Ke1 g5 20.h3 h6 21.Bd3 Nd6 22.Kd2 Bxd3
23.Kxd3 Nf5 24.Rxc8 Rxc8 25.Re1 e6 26.Re2 h5 27.g4 hxg4 28.hxg4 Ne7 29.Rc2 Nc6
30.a3 Rh8 31.Ke2 Rh1 32.b4 Rb1 33.Kd2 Rf1 34.Ke2 Rb1 35.Kd2 a6 36.Rc1 Rb3
37.Rc3 Rb2+ 38.Rc2 Rb3  1/2-1/2

[Event "Tirnavia-B"]
[Site "Trnava"]
[Date "1988.??.??"]
[Round "3"]
[White "Cvetkovic, Srdjan"]
[Black "Zurek, Milan"]
[Result "1-0"]
[WhiteElo "2430"]
[BlackElo "2405"]

1.c4 c6 2.d4 d5 3.Nf3 Nf6 4.Nc3 Bf5 5.Qb3 Qb6 6.c5 Qxb3 7.axb3 Nbd7 8.b4 a6
9.h3 Rc8 10.Bf4 e6 11.Nh4 Be4 12.Nf3 Bxf3 13.exf3 Be7 14.Bd3 O-O 15.O-O Nb8
16.Rfe1 Bd8 17.Bd6 Re8 18.f4 Be7 19.Bxe7 Rxe7 20.Ne2 Ne8 21.Nc1 Nc7 22.Nb3 Nb5
23.Re3 Rcc7 24.Bxb5 cxb5 25.Na5 Nc6 26.Nxc6 Rxc6 27.f5 f6 28.Rae1 Kf7 29.g4 b6
30.f4 g6 31.Rxe6 Rcxe6 32.Rxe6 Rxe6 33.fxe6+ Kxe6 34.f5+ Kd7 35.fxg6 hxg6
36.h4 bxc5 37.dxc5 d4 38.h5 d3 39.Kf1 f5 40.hxg6  1-0

[Event "Tirnavia-C"]
[Site "Trnava"]
[Date "1988.??.??"]
[Round "12"]
[White "Raicevic, Momcilo"]
[Black "Deev, Andrei"]
[Result "1/2-1/2"]
[WhiteElo "2365"]
[BlackElo "2335"]

1.c4 c6 2.Nf3 Nf6 3.d4 d5 4.cxd5 cxd5 5.Nc3 Nc6 6.Bf4 Bf5 7.e3 e6 8.Bb5 Nd7
9.O-O Rc8 10.Rc1 a6 11.Bxc6  1/2-1/2

[Event "Val Maubuee op"]
[Site "Val Maubuee"]
[Date "1988.??.??"]
[Round "?"]
[White "Bonet, H."]
[Black "Hector, Jonny"]
[Result "0-1"]
[WhiteElo "2050"]
[BlackElo "2415"]

1.c4 c6 2.Nf3 d5 3.b3 Bg4 4.Bb2 Nd7 5.d4 Ngf6 6.Nbd2 Bxf3 7.gxf3 e6 8.e3 Bd6
9.cxd5 Nxd5 10.Bc4 Qh4 11.Bxd5 cxd5 12.Qe2 Rc8 13.Qd3 O-O 14.Rc1 f5 15.Ke2 Nf6
16.h3 Qh5 17.Rxc8 Rxc8 18.Ke1 Bb4  0-1

[Event "FRA-ch"]
[Site "Val Thorens"]
[Date "1988.??.??"]
[Round "1"]
[White "Alet, Jean Perre"]
[Black "Ferry, Roger"]
[Result "0-1"]
[WhiteElo "2160"]
[BlackElo "2320"]

1.c4 c6 2.e4 e6 3.Nc3 d5 4.exd5 exd5 5.d4 Nf6 6.Bd3 dxc4 7.Bxc4 Be7 8.Nge2 O-O
9.O-O Bf5 10.Ng3 Bg6 11.f4 h6 12.f5 Bh7 13.Bf4 Nbd7 14.Be5 Nb6 15.Bb3 Nbd5
16.Qf3 Qd7 17.Rad1 Rfd8 18.Rfe1 Kh8 19.Bxf6 Bxf6 20.Bxd5 cxd5 21.Nxd5 Bh4
22.f6 Bg6 23.fxg7+ Kxg7 24.Nf4 Re8 25.Rxe8 Rxe8 26.Nfh5+ Kh8 27.Nf6 Bxf6
28.Qxf6+ Kg8 29.Qf2 Qa4 30.b3 Qa5 31.h3 Rc8 32.Rd2 Rc1+ 33.Kh2 Qg5 34.d5 h5
35.d6 h4 36.Nh5 Bxh5 37.d7 Qe5+ 38.g3  0-1

[Event "FRA-ch"]
[Site "Val Thorens"]
[Date "1988.??.??"]
[Round "3"]
[White "Seret, Jean Luc"]
[Black "Ferry, Roger"]
[Result "1-0"]
[WhiteElo "2400"]
[BlackElo "2320"]

1.c4 c6 2.e4 e6 3.Nc3 d5 4.Nf3 Nf6 5.e5 Nfd7 6.d4 dxc4 7.Bxc4 Nb6 8.Bd3 Be7
9.Qc2 h6 10.O-O Nd5 11.Qe2 b6 12.a3 Bb7 13.Rd1 Nd7 14.Nxd5 cxd5 15.Nd2 Bg5
16.Qg4 h5 17.Qg3 g6 18.Nf3 Bxc1 19.Raxc1 Rc8 20.Rxc8 Qxc8 21.Qf4 Ba6 22.Ng5 O-O
23.Rc1 Qb7 24.Bxa6 Qxa6 25.Rc7 Qb5 26.g4 hxg4 27.b3 f6 28.Nxe6 fxe5 29.Qh6  1-0